Návrh na optimalizáciu nezhôd v spoločnosti KONŠTRUKTA INDUSTRY, a.s. Trenčín pomocou metódy 8D
Salvato in:
| Autore principale: | |
|---|---|
| Altri autori: | |
| Natura: | Manoscritto Libro |
| Lingua: | slovacco |
| Pubblicazione: |
2016
|
| Soggetti: | |
| Accesso online: | http://is.stuba.sk/zp/portal_zp.pl?podrobnosti=118933 |
| Tags: |
Nessun Tag, puoi essere il primo ad aggiungerne!!
|
MARC
| LEADER | 00000ntm a22000003a 4500 | ||
|---|---|---|---|
| 001 | stuzp57899 | ||
| 003 | SK-STU | ||
| 005 | 20160719155411.0 | ||
| 007 | ta | ||
| 008 | 150427s2015----xo-----f-mn---000-0-slo-d | ||
| 040 | |a STU |b slo | ||
| 041 | 0 | |a slo | |
| 100 | 1 | |a Janíková, Lenka |u 064000 |k Z4 |4 aut |U MTF Materiálovotechnologická fakulta |T MTF Ústav priemyselného inžinierstva a manažmentu |X 69568 |U M4000 |Y 84 |7 A000069568 | |
| 242 | 0 | 1 | |a Optimization Proposal nonconformity in company KONŠTRUKTA INDUSTRY, a. s. Trenčín using the method 8D |y eng |
| 245 | 1 | 0 | |a Návrh na optimalizáciu nezhôd v spoločnosti KONŠTRUKTA INDUSTRY, a.s. Trenčín pomocou metódy 8D |
| 260 | |c 2016 | ||
| 650 | 4 | |a optimalizácia nezhôd |2 slo | |
| 650 | 4 | |a metóda 8D |2 slo | |
| 650 | 4 | |a nezhoda |2 slo | |
| 650 | 4 | |a nezhodný produkt |2 slo | |
| 650 | 4 | |a optimization of nonconformity |2 eng | |
| 650 | 4 | |a 8D method |2 eng | |
| 650 | 4 | |a nonconformity |2 eng | |
| 650 | 4 | |a nonconforming product |2 eng | |
| 700 | 1 | |a Kusý, Ondrej |4 ths |X 28433 |7 A000028433 | |
| 856 | 4 | |u http://is.stuba.sk/zp/portal_zp.pl?podrobnosti=118933 | |
| 996 | |c M* DP-12893 |l MMSKP |s P |a 0 |w stuzp57899_0001 | ||
| SQL | |a stuzp57899 |b DDP |c SLO |d Návrh na optimalizáciu nezhôd v spoločnosti KONŠTRUKTA INDUSTRY, a.s. Trenčín pomocou metódy 8D |e 69568 |f Janíková, Lenka |g 064000 |h 28433 |i Kusý, Ondrej |j 20160607 |k 183 |l 06 |m http://is.stuba.sk/zp/portal_zp.pl?podrobnosti=118933 |n I-IKP |o 5.2.57. kvalita produkcie | ||